000
00170nam a2200073Ia 4500
008
170817s9999 xx 000 0 und d
100
_a
CHAYYA M.P.
245
0
_a
INNOVATIVE SCHOOLS
260
_b
A.P.H. PUB.
999
_c
37343
_d
37343